000 00607nam a2200157 a 4500
001 000038761
005 20201002031349.0
008 130422s1976 ve 000 0 spa d
040 _aDO-SdBNP
_bspa
_cBNPHU
110 2 _aVenezuela.
_bContraloría General de la República
_965062
245 1 0 _aDictámenes de la consultoría jurídica de la contraloría general de la República, 1969-1976 /
_cpresentación José Muci-Abraham.
260 _aCaracas, Venezuela :
_bEdiciones de la Contraluria General,
_c1976.
300 _av. ;
_c24 cm.
505 0 _gv. 5
_t1969-1976 --
700 1 _aMuci-Abraham, José
_965063
999 _c38251
_d38251